000 01223nam a2200361 a 4500
001 2180
003 FISKH
005 20231108133114.0
008 960313s1996 wiua a 000 1 eng
010 _a 95081200
020 _a0307302997
020 _a033500987649
040 _aDLC
_cDLC
_beng
042 _alcac
050 0 0 _aPZ7.K83692
_bDin 1996
082 0 0 _a394
_221
100 1 _aKorman, Justine.
245 1 0 _aDisney's the Hunchback of Notre Dame :
_bQuasimodo's new friend /
_cby Justine Korman ; illustrated by Serge Michaels and Edward Gutierrez.
260 _aRacine :
_bWestern,
_c1996.
300 _a24 unnumbered pages :
_bcolor illustrations ;
_c21 cm.
490 0 _aA little golden book
500 _a"Golden books."
505 _aO
520 _aQuasimodo, bell ringer of Notre Dame, makes a new friend when he takes in a kitten being chased by dogs.
521 8 _a640
_bLexile estimate
521 8 _aO
_bRaz-Plus
610 2 1 _aNotre-Dame de Paris (Cathedral)
_xFiction.
650 1 _aCats
_xFiction.
700 1 _aMichaels, Serge,
_eillustrator
700 1 _aGutierrez, Edward R.,
_eillustrator
906 _a7
_bcbc
_corignew
_d2
_eopcn
_f19
_gy-gencatlg
942 _2ddc
_cBK
_n0
999 _c2180
_d2180